System core module and correlation module design implementation for human brain atlas = Návrh a implementácia modulov jadra adrasu a korelaácie atlasu ľudskej hlavy : Dipl.práca
Guardado en:
| Autor principal: | |
|---|---|
| Otros Autores: | , |
| Formato: | Manuscrito Libro |
| Lenguaje: | inglés |
| Publicado: |
Bratislava :
STU v Bratislave FEI,
1998
|
| Materias: | |
| Etiquetas: |
Sin Etiquetas, Sea el primero en etiquetar este registro!
|
MARC
| LEADER | 00000ntm a22000003a 4500 | ||
|---|---|---|---|
| 001 | stu50275 | ||
| 005 | 20160719164920.1 | ||
| 008 | 990715s1998------------------------eng-d | ||
| 040 | |a STU |b slo | ||
| 041 | 0 | |a eng | |
| 100 | 1 | |a Gardian, Milan |4 aut | |
| 245 | 1 | |a System core module and correlation module design implementation for human brain atlas = Návrh a implementácia modulov jadra adrasu a korelaácie atlasu ľudskej hlavy : |b Dipl.práca | |
| 260 | |a Bratislava : |b STU v Bratislave FEI, |c 1998 | ||
| 300 | |a 77 s., CD-ROM | ||
| 650 | 7 | |a informatika |2 stusub | |
| 700 | 1 | |a Kajan, Juraj |4 ths | |
| 700 | 1 | |a Janči, Rastislav |4 ths | |
| 996 | |b EDIPL-5747 |c I*DIPL*5747 |l II680 |s A |a 24 |w stu50275_0001 | ||